Catálogo

Vista normal Vista MARC

Entrada Personal Name

Número de registros utilizados en: 1

001 - CONTROL NUMBER

  • control field: 16645

003 - CONTROL NUMBER IDENTIFIER

  • control field: DLC

005 - DATE AND TIME OF LATEST TRANSACTION

  • control field: 20250115131727.0

008 - FIXED-LENGTH DATA ELEMENTS

  • fixed length control field: 150126n| azannaabn |a aaa c

010 ## - LIBRARY OF CONGRESS CONTROL NUMBER

  • LC control number: ns2015000148

035 ## - SYSTEM CONTROL NUMBER

  • System control number: (OCoLC)oca10072718

040 ## - CATALOGING SOURCE

  • Original cataloging agency: MX-SlUA
  • Language of cataloging: spa
  • Description conventions: rda
  • Transcribing agency: Mx-PuUPA
  • Modifying agency: TxU
  • Modifying agency: Mx-PuUPA

053 #0 - LC CLASSIFICATION NUMBER

  • Classification number element--single number or beginning number of span: PQ7298.422.E468

100 1# - HEADING--PERSONAL NAME

  • Personal name: Lemus, J. Jesús,

370 ## - ASSOCIATED PLACE

  • Associated country: México
  • Place of birth: Michoacán de Ocampo (México)
  • Source of term: naf

372 ## - FIELD OF ACTIVITY

  • Field of activity: Comunicación
  • Source of term: lcsh

374 ## - OCCUPATION

  • Occupation: Periodista
  • Occupation: Autor
  • Source of term: lcsh

375 ## - GENDER

  • Gender: hombre

377 ## - ASSOCIATED LANGUAGE

  • Language code: spa

400 1# - SEE FROM TRACING--PERSONAL NAME

  • Personal name: Lemus Barajas, J. Jesús

400 1# - SEE FROM TRACING--PERSONAL NAME

  • Personal name: Barajas, J. Jesús Lemus

670 ## - SOURCE DATA FOUND

  • Source citation: Cara de diablo: la historia de la Nueva Jerusalén y el hombre que quiso ser Dios, 2014:
  • Information found: title page (J. Jesús Lemus) front flap (J. Jesús Lemus Barajas, journalist michoacano, he is currently a social investigative journalist)